Quizzes
Events
Quiz Creation
Community
Videos
Private Events
Remove Ads
Sign In
Join for FREE
Feedback
Dark Mode
Quiz Categories
Sports
Geography
Music
Movies
Television
Just For Fun
Miscellaneous
History
Literature
Language
Science
Gaming
Entertainment
Religion
Holiday
For Kids
Quiz Lab
Recent
Popular Today
Quiz Kudos Today
Editor Picks
Curator Picks
Quizzes by...
Day
Popularity
Type
Ratings
Length
Year
Community
Subscriptions
Recent Discussions
Orange Saloon
Badges
Playlists
Quests
Create
Leaderboards
Showdown
Live 5
Trivia Bingo
Activity
Puzzle Library
Sporcle Events
Private Events
Virtual Trivia
Globe League
Become a Host
Pub Owners
SporcleCon
Opinionation
Our Games
Videos
Blog
Mobile Apps
Partnerships
Remove Ads and Go Orange
Feedback
Music
Pop Music
The Beatles
Song
Album
Lyrics
Bands
Singers
Artist
Clip
Rock
Rap
Classical
Billboard
Country Music
Kpop
Taylor Swift
Music
Pop Music
The Beatles
Song
Album
Lyrics
Bands
Singers
Artist
Clip
Rock
Rap
Classical
Billboard
Country Music
Kpop
Taylor Swift
Random Quiz
Search Sporcle
×
Quiz Lab
Quiz Lab
Music
Song
Type in answers that appear in a list
Type in answers that appear in a list
Classic
Best Score? Go Orange.
Ladies in the Lyrics Stats
Can you name the Ladies in the Lyrics in alphabetical order?
By
trusting365
5m
22 Questions
32 Plays
32 Plays
32 Plays
Comments
Comments
Give Quiz Kudos
Give Quiz Kudos
-
- Ratings
hide this ad
Replay
Link that replays current quiz
Next Quiz
Link to next quiz in quiz playlist
You Got
0%
They Got
Avg Score
38%
Avg Friend Score
Upgrade to see
Score Distribution
Jump to the score distribution portion of the page
Score
0/22
Timer
05:00
0
Plays Today
Artist and Year
Song
% Correct
Kiss (1976)
Beth
78.1%
Laura Branigan (1982)
Gloria
71.9%
Goo Goo Dolls (1998)
Iris
71.9%
Boston (1986)
Amanda
68.8%
Fleetwood Mac (1975)
Rhiannon
62.5%
Starship (1985)
Sara
59.4%
Steve Winwood (1982)
Valerie
59.4%
Tom Jones (1968)
Delilah
56.3%
Madonna (1989)
Dear Jessie
56.3%
Elton John (1985)
Nikita
37.5%
The Hollies (1967)
Carrie Anne
31.3%
Artist and Year
Song
% Correct
Beethoven (1867)
Fur Elise
31.3%
Paul McCartney and Wings (1973)
Helen Wheels
31.3%
Chuck Berry (1955)
Maybellene
28.1%
Debbie Reynolds (1957)
Tammy
25%
The Beach Boys (1964)
Wendy
21.9%
The Vince Guaraldi Trio (1964)
Linus and Lucy
15.6%
The Band (1975)
Ophelia
15.6%
The Beatles (1969)
The Ballad of John and Yoko
15.6%
Franz Ferdinand (2009)
Katherine Kiss Me
6.3%
Chris DeBurgh (1975)
Patricia the Stripper
6.3%
Sam Cooke (1963)
Frankie and Johnny
3.1%
Quiz Playlist
Details
Report
Send in Message
Add To Playlist
Classic:
Type in answers that appear in a list
Last Updated: Feb 16, 2017
Quiz Scoreboard
CHALLENGE
Sign Up to Join the Scoreboard
Show All
Scores
Hide
Comments
May contain spoilers
Recently Published
Street Fighter Characters
by Artimus82
Gaming
60s
9x9 Crossword: Cartoon Network
by jackfrog10
Miscellaneous
3m
College Basketball Coaching Resumes
by pancakes188
Sports
9m
More to Explore
Quiz From the Vault
Featured Blog Post
Where Did the Easter Bunny Come From?
hide this ad
You Might Also Like...
Tags
Artist Quiz
Letter Quiz
Song Quiz
Alphabetical
Lady
Order
Today's Top Quizzes in Music
Browse Music
hide this ad
Today's Top Quizzes in Song
Browse Song
Top Contributed Quizzes in Music
1
Taylor Swift All Songs (2024)
2
Guess the Artist- 70s Songs
3
7-to-1: Billboard Hot 100 #1 Hits of 2010s
4
Taylor Swift Logic Puzzle
5
Sorting Albums and Songs
6
KPOP LOGIC QUIZ
7
Guess the Taylor Swift song (Mystery Song)
8
Guess The Taylor Swift Lyrics Song #1
9
Billboard Blitz: ABBA
10
Billboard Blitz: The Beatles
Explore More
Trending Topics
Crossword
Anime
Disney
Kpop
Harry Potter
NBA
Marvel
The Office
Puzzle
NFL
Soccer
Country
Song
Pokémon
WWE
hide this ad
More By:
trusting365
Quiz
Plays
Rating
Category
Featured
Created
Commonly Misspelled Words III
558,008
3.04
Language
Apr 1, 2012
Japanese Words You Probably Know
162,658
4.54
Language
Jul 4, 2012
Disney's Lions & Tigers & Bears
132,382
4.44
Movies
Jun 1, 2012
Click a Kate
105,928
4.26
Miscellaneous
Sep 18, 2012
Peter, Paul or Mary
58,280
4.15
Miscellaneous
Jun 20, 2012
Go to Creator's Profile
Score Distribution
Quiz Creator Spotlight
trusting365
Follow
Send a Message
Quizzes Created
-
Created Quiz Play Count
-
More By This Creator
Popular Quizzes Today
1
Find the US States - No Outlines Minefield
2
Find the Countries of Europe - No Outlines Minefield
3
The Countries of the World
4
Find the US States
5
Risky Map Clicking: Biggest States A-Z
6
US States
7
Popular People in 1961
8
Movies - When Are They Set?
More Music Quizzes
15 in 15: Musical Instruments
Published
Trending Quizzes
Risky Map Clicking: Least Populous States A-Z
1-10 Letter G Words
Risky Map Clicking: Next State Alphabetically
Adjectives in 80s TV Shows
The Seven Year Switch: Catherine
Recently Updated
Leaping Animals
pecheneg
Reality TV Shows (A-Z)
bhenderson79
Rickey Henderson's Hall of Fame Teammates
pecheneg
Champions League XIs: Arsenal
pecheneg
Quick Pick: Celebrities in WWE's Hall of Fame
aduchscher
A-Z Keypad Blitz II
pecheneg
Multiple Oscar Actors
pecheneg
Mystery Phrase Blitz: Oscar 'Best Actors'
pecheneg
F. Scott Fitzgerald Novels
LTH
Pick 3 Villains
ddd62291
Trending Topics
NBA
Marvel
Disney
Harry Potter
Crossword
Anime
Kpop
Soccer
Pokémon
Country
Song
WWE
NFL
The Office
Puzzle
Your Account Isn't Verified!
In order to create a playlist on Sporcle, you need to verify the email address you used during registration. Go to your
Sporcle Settings
to finish the process.
Report this User
Report this user for behavior that violates our
Community Guidelines
.
Details:
Send Report
Go to the Sporcle.com Mobile Site →
Comments